| 000 | 00805nam a22002415a 4500 | ||
|---|---|---|---|
| 005 | 20180116153125.0 | ||
| 008 | 171029r20142008enk frbf 001 0 eng d | ||
| 020 | _a9780199585922 | ||
| 040 |
_aEG-ScBUE _beng _cEG-ScBUE _dEG-ScBUE |
||
| 082 | 0 | 4 |
_a658.046 _bOXF _222 |
| 245 | 1 |
_aThe Oxford handbook of inter-organizational relations / _cedited by Steve Cropper ... [et al.]. |
|
| 246 | 3 | 0 | _aInter-organizational relations |
| 250 | _aReprint ed. | ||
| 260 |
_aOxford : _bOxford University Press, _c2014. |
||
| 300 |
_a782 p. ; _c25 cm. |
||
| 500 | _aReprint of the 2008 ed. | ||
| 504 | _aIncludes bibliographical references and index. | ||
| 650 | 7 |
_aInterorganizational relations. _2BUEsh |
|
| 651 | _2BUEsh | ||
| 653 |
_bBUSADM _cJanuary2018 |
||
| 700 | 1 |
_aCropper, Steve, _eeditor. |
|
| 942 | _2ddc | ||
| 999 |
_c25518 _d25490 |
||